Culture Générale - Série 1842 - Statistiques

Statistiques générales
  • Ce quiz a été pris 122 fois
  • Le résultat moyen est 3 sur 10
Statistiques - réponses
Question Réponse % Correct
C'est un mois de l'année et aussi un papillon mars
78%
Ce reptile d'Indonésie est appelé varan de ... ou dragon de .... Komodo
76%
Quel mot anagrammé "verni" désigne un homme de main, tueur, dans le langage populaire ? nervi
47%
Qui a écrit la pièce de théâtre "Electre" vers 414 av. J.-C ? Sophocle
32%
Quel autre nom porte l'étoile de mer ? astérie
30%
Roche cristallophyllienne de structure schisteuse, comprenant du quartz, du mica et du feldspath, dont l'anagramme est "singes" gneiss
24%
Qui a écrit la tragédie grecque "Oreste" en 408 av. J.-C ? Euripide
14%
Quel verbe anagramme de "piètre" signifie "courir" (pour un gibier à plumes) ? piéter
12%
Comment appelait-on au Moyen-Age le grand vase à boire en métal, avec un pied et un couvercle - voir photo ? hanap
9%
Dans quelle ville française se trouve La manufacture royale de draps Le Dijonval ? Sedan
3%
Aucun quiz correspondant
Distribution des résultats
% des personnes avec chaque résultat
Percentile par nombre de réponses
Votre historique - résultats
Vous n’avez pas pris ce quiz